Normal view
MARC view
Entry Personal Name
001 - CONTROL NUMBER
- control field: 7107
003 - CONTROL NUMBER IDENTIFIER
- control field: BD-RjUL
005 - DATE AND TIME OF LATEST TRANSACTION
- control field: 20230302100410.0
008 - FIXED-LENGTH DATA ELEMENTS
- fixed length control field: 230302|| aca||aabn | a|a d
040 ## - CATALOGING SOURCE
- Original cataloging agency: BD-RjUL
- Transcribing agency: BD-RjUL
100 ## - HEADING--PERSONAL NAME
- Personal name: Rahman, S. M. Mokhlasur
670 ## - SOURCE DATA FOUND
- Source citation: Work cat.: (BD-RjUL)81271: Rahman, S. M. Mokhlasur, CHILD PROTECTION IN BANGLADESH :, 2019